Loading...

A textbook of genetics and molecular biology

Bibliographic Details
Main Author: Sabyasachi Raychoudhuri; Author
Format: Printed Book
Published: Kolkata, New Central Book Agency (P) Ltd 2012
Subjects:
LEADER 006840000a22002050004500
020 |a 978-81-7381-661-1 
082 |a 576.5 Q2 
100 |a Sabyasachi Raychoudhuri; Author 
245 |a A textbook of genetics and molecular biology 
260 |a Kolkata, New Central Book Agency (P) Ltd 
260 |c 2012 
460 |a ix, 299p 
465 |a Rs.285.00 
500 |a Includes index 
500 |a Sabyasachi Raychoudhuri 
650 |a Genetics-Textbooks 
650 |a Molecular biology-Textbooks 
942 |c BK 
999 |c 49310  |d 49310 
952 |0 0  |1 0  |4 0  |6 576_500000000000000_Q2  |7 0  |8 ENG  |9 50042  |a MGUL  |b MGUL  |d 2013-07-16  |e Rs.285.00  |l 15  |m 4  |o 576.5 Q2  |p G02172  |r 2019-10-23  |s 2019-10-16  |w 2013-07-16  |y BK